The K section.

Saved in:
Bibliographic Details
Main Author: Lilley, Tom
Format: Book
Language:English
Published: London, Macmillan, 1972.
LEADER 00753nam a2200229 4500
001 c000074660
003 CARM
005 00000000000000.0
008 730306s1972 enk 00001 eng
015 |a B72-20408 
019 1 |a 608230  |z 43221113  |5 LACONCORD2021 
020 |a 0333135962 
035 |a (OCoLC)595786  |5 LACONCORD2021 
050 0 0 |a PZ4.L727  |b Kac  |a PR6062.I36 
100 1 |a Lilley, Tom. 
245 1 4 |a The K section. 
260 |a London,  |b Macmillan,  |c 1972. 
300 |a 287 p.  |c 21 cm. 
852 8 |b CARM  |h A2:AB07B0  |i B02406  |p 0104382  |f BK 
082 0 4 |a 823/.9/14 
999 f f |i 1e36a513-8294-5d15-a481-a6f64e7fea17  |s 29a72d2d-27d9-59ef-b07d-5a6e55066721 
952 f f |p Can circulate  |a CAVAL  |b CAVAL  |c CAVAL  |d CARM 1 Store  |e B02406  |f A2:AB07B0  |h Other scheme  |i book  |m 0104382